Čo skrýva fenomén Basel III ?

Nová štruktúra regulácie v EÚ, ktorá je tvorená samotnou smernicou, obsahuje najmä kvalitatívne požiadavky na podnikanie finančných inštitúcií. Európska regulácia a analýza situácie v EÚ v kontexte Basel III.

Enregistré dans:
Détails bibliographiques
Auteur principal: Malina, Ľubor
Format: Chapitre de livre
Langue:slovaque
Sujets:
Tags: Ajouter un tag
Pas de tags, Soyez le premier à ajouter un tag!

MARC

LEADER 00000naa a2200000 4500
001 0143486
005 20221103134116.5
041 0 |a slo 
044 |a SK 
245 1 0 |a Čo skrýva fenomén Basel III ?  |c Ľubor Malina 
520 |a Nová štruktúra regulácie v EÚ, ktorá je tvorená samotnou smernicou, obsahuje najmä kvalitatívne požiadavky na podnikanie finančných inštitúcií. Európska regulácia a analýza situácie v EÚ v kontexte Basel III. 
610 2 0 |a bankovníctvo 
610 2 0 |a banky 
610 2 0 |a riziko bankové 
610 2 0 |a sadzby úrokové 
610 2 0 |a stratégia investičná 
610 2 0 |a trh finančný 
610 2 0 |a dohľad nad finančným trhom 
610 2 0 |a smernice 
610 2 0 |a Európska únia 
100 1 |a Malina, Ľubor